Photoguide to mountains for the backpacker and climber (Record no. 33076)

MARC details
000 -LEADER
fixed length control field 00293nam a2200109Ia 4500
082 ## - DEWEY DECIMAL CLASSIFICATION NUMBER
Classification number 778
Item number MIL;1
100 ## - MAIN ENTRY--AUTHOR NAME
Personal name Milner, Douglas
245 #0 - TITLE STATEMENT
Title Photoguide to mountains for the backpacker and climber
260 ## - PUBLICATION, DISTRIBUTION, ETC. (IMPRINT)
Place of publication London
Name of publisher Focal
Year of publication 1977
942 ## - ADDED ENTRY ELEMENTS (KOHA)
Koha item type Books
Holdings
Withdrawn status Lost status Damaged status Not for loan Home library Current library Date acquired Cost, normal purchase price Full call number Accession Number Koha item type
        RRII Library RRII Library 16/12/2021 32.00 778 MIL;1 13577 Books